Canadians in the making : a social history of Canada /

Bibliographic Details
Main Author: Lower, Arthur R. M. (Arthur Reginald Marsden), 1889-1988
Format: Book
Language:English
Published: Westport, Conn. : Greenwood Press, 1981
Subjects:

MARC

Tag First Indicator Second Indicator Subfields
LEADER 00000pam a2200000 a 4500
001 in00000080267
005 20151008060910.0
008 810414r19811969ctuaf b 00110 eng
010 |a  81004142  
020 |a 0313230374 (lib. bdg.) 
035 |a (OCoLC)07464835 
035 |9 AAJ6842AM 
039 0 |a 2  |b 3  |c 3  |d 3  |e 3 
040 |a DLC  |c DLC  |d TXA  |d UtOrBLW 
043 |a n-cn--- 
049 |a TXAM  |c [1481994] 
050 0 0 |a F1021  |b .L67 1981 
082 0 |a 971  |2 19 
100 1 |a Lower, Arthur R. M.  |q (Arthur Reginald Marsden),  |d 1889-1988. 
245 1 0 |a Canadians in the making :  |b a social history of Canada /  |c by Arthur R.M. Lower. 
264 1 |a Westport, Conn. :  |b Greenwood Press,  |c 1981 
264 4 |c ©1958 
300 |a xxiv, 475 pages, 8 unnumbered pages of plates :  |b illustrations ;  |c 24 cm. 
336 |a text  |b txt  |2 rdacontent 
337 |a unmediated  |b n  |2 rdamedia 
338 |a volume  |b nc  |2 rdacarrier 
500 |a Reprint. Originally published: Don Mills, Ont. : Longmans Canada, 1969 printing. 
504 |a Includes bibliographical references and index. 
650 0 |a National characteristics, Canadian. 
651 0 |a Canada  |x Civilization. 
999 |a MARS 
999 f f |s 54823a19-5f67-34ef-a9da-4c8b84650f3d  |i 618cbe1d-7539-3ba2-8697-8c2b95737bb9  |t 0 
952 f f |p ric  |a Texas A&M University  |b Rellis Campus  |c Joint Library Facility  |d Remote Storage  |t 0  |e F1021 .L67 1981  |h Library of Congress classification  |i unmediated -- volume  |m A14806110703 
998 f f |a F1021 .L67 1981  |t 0  |l Remote Storage